00876nam a22002177a 4500003000400000005001700004008004100021020001500062040002900077050002200106100002900128245009100157260003800248300003700286650004300323650006100366650004100427942001500468952015800483999001700641OSt20260617160437.0260617b |||||||| |||| 00| 0 eng d a0803966547 cChuka University Library aLB 3032b.H6 1998 aHottenstein David929897 aIntensive Scheduling: Restructuring Americas Secondary Schools Through Time Management aThousand OaksbCorwin Pressc1998 axii, 107PbColored Illustrations aSchedules, School-United States929898 aEducation, Secondary-United States-Administration929899 aTime management-United States929900 2lcccBKn0 00102lcc40708LGLaCHKbCHKcGENd2026-06-17eDonations From Books For Africal0oLB 3032 .H6 1998p35190/2026r2026-06-17 16:08:41t1w2026-06-17yBK c24643d24643